Statistics for 2000 Australia vs New Zealand Rugby - The Game of the Century

Click here to take the quiz!

General Stats

  • This quiz has been taken 86 times
  • The average score is 16 of 30

Answer Stats

Hint Answer % Correct
9George Gregan
91%
11Jonah Lomu
87%
10Stephen Larkham
86%
9Justin Marshall
83%
15Christian Cullen
82%
10Andrew Mehrtens
74%
5John Eales
71%
14Tana Umaga
70%
7David Wilson
69%
11Joe Roff
68%
2Anton Oliver
66%
15Chris Latham
64%
6Taine Randell
61%
12Jason Little
56%
12Pita Alatini
55%
14Stirling Mortlock
52%
3Kees Meeuws
47%
8Ron Cribb
47%
13Daniel Herbert
45%
5Norm Maxwell
45%
1Carl Hoeft
45%
7Scott Robertson
44%
4Todd Blackadder
40%
13Alama Ieremia
38%
8Jim Williams
34%
2Michael Foley
34%
1Richard Harry
29%
4David Giffin
25%
3Fletcher Dyson
10%
6Mark Connors
8%

Score Distribution

Percentile by Number Answered

Percent of People with Each Score

Your Score History

You have not taken this quiz